Welcome to the Holygrace Academy Library

Please use search bar below to get started

FOUR-IN ONE JUNIOR CLASSICS (Record no. 7212)

MARC details
000 -LEADER
fixed length control field 00292nam a22001217a 4500
082 ## - DEWEY DECIMAL CLASSIFICATION NUMBER
Classification number 823
Item number ANE/F
100 ## - MAIN ENTRY--AUTHOR NAME
Personal name ANEKA PUBLICATION
245 ## - TITLE STATEMENT
Title FOUR-IN ONE JUNIOR CLASSICS
260 ## - PUBLICATION, DISTRIBUTION, ETC. (IMPRINT)
Name of publisher ANEKA PUBLICATIONS & DISTRIBUTORS
520 ## - SUMMARY, ETC.
Summary, etc CLASSIC STORIES
650 ## - SUBJECT ADDED ENTRY--TOPICAL TERM
Topical Term CLASSICS
Geographic subdivision EUROPE
942 ## - ADDED ENTRY ELEMENTS (KOHA)
Koha item type Books
Holdings
Withdrawn status Lost status Collection code Home library Current library Shelving location Date acquired Source of acquisition Full call number Accession Number Koha item type
Withdrawn   Fiction Main Library Main Library SHELF 4-F ENGLISH CLASSICS 14/01/2019 PURCHASE 823 ANE/F 10411 Books
Withdrawn   Fiction Main Library Main Library SHELF 4-F ENGLISH CLASSICS 16/01/2019 PURCHASE 823 ANE/F 10419 Books
Withdrawn   Fiction Main Library Main Library   16/01/2019 PURCHASE 823 ANE/F 10449 Books
Withdrawn   Fiction Main Library Main Library SHELF 4-F ENGLISH CLASSICS 14/01/2019 PURCHASE 823 ANE/F 10412 Books
Withdrawn   Fiction Main Library Main Library SHELF 4-F ENGLISH CLASSICS 16/01/2019 PURCHASE 823 ANE/F 10418 Books
Withdrawn   Fiction Main Library Main Library SHELF 4-F ENGLISH CLASSICS 16/01/2019 PURCHASE 823 ANE/F 10420 Books
    Fiction Main Library Main Library SHELF 4-F ENGLISH CLASSICS 14/01/2019 PURCHASE   10413 Books
Withdrawn   Fiction Main Library Main Library SHELF 4-F ENGLISH CLASSICS 16/01/2019 PURCHASE 823 ANE/F 10448 Books
Withdrawn   Fiction Main Library Main Library SHELF 4-F ENGLISH CLASSICS 16/01/2019 PURCHASE 823 ANE/F 10446 Books
Withdrawn   Fiction Main Library Main Library SHELF 4-F ENGLISH CLASSICS 16/01/2019 PURCHASE 823 ANE/F 10447 Books